000 00278nam a2200109Ia 4500
008 220204s9999 xx 000 0 und d
082 _a541.11
_bGLA
100 _aGlasstone, Samuel
245 0 _aThermodynamics for chemists
260 _aNew York
_bVan Nostrand
_c1947
942 _cBK
999 _c20947
_d20947